000 00791nam a2200229 a 4500
001 74197
003 BD-RjUL
005 20211209082518.0
008 180322s2015 BG ||||| |||| 00| 1 ben d
020 _a9789849135968
_cTk.300.00
035 _a(BD-RjUL)74415
040 _aBD-RjUL
_beng
_cBD-RjUL
041 _aben
082 _223
_a891.443
_bHAK 2015
100 1 _aহক, হাসান আজিজুল
_9220725
245 1 0 _aকথা কথাসাহিত্য /
_cহাসান আজিজুল হক,
260 _aঢাকা :
_bচন্দ্রাবতী একাডেমী ,
_c২০১৫
300 _a২৭৫ পৃ. ;
_c২২ সেমি.
650 _2বাংলা উপন্যাস
650 _aBengali Fiction
_9220726
942 _2ddc
_cBK
999 _c74197
_d74197